Meilleurs buteurs de championnats saison 2023-2024 - Statistiques

Statistiques générales
  • Ce quiz a été pris 491 fois
  • Le résultat moyen est 2 sur 12
Statistiques - réponses
Hint Réponse % Correct
Ligue 1 Kylian Mbappé
100%
Bundesliga Harry Kane
35%
Premier League Erling Haaland
31%
Serie A Lautaro Martinez
14%
LaLiga Artem Dovbyk
8%
Super Lig Mauro Icardi
6%
LaLiga Portugal Victor Gyokeres
6%
Ligue 2 Alexandre Mendy
4%
Pro League Kevin Denkey
1%
RSL Chadrac Akolo
0%
Championship Sam Szmodics
0%
Eredivisie Vangélis Pavlídis
0%
Aucun quiz correspondant
Distribution des résultats
% des personnes avec chaque résultat
Percentile par nombre de réponses
Votre historique - résultats
Vous n’avez pas pris ce quiz